<?xml version="1.0" encoding="UTF-8"?>
<record
    xmlns:xsi="http://www.w3.org/2001/XMLSchema-instance"
    xsi:schemaLocation="http://www.loc.gov/MARC21/slim http://www.loc.gov/standards/marcxml/schema/MARC21slim.xsd"
    xmlns="http://www.loc.gov/MARC21/slim">

  <leader>01164nam a2200289 a 4500</leader>
  <controlfield tag="003">DO-SdBNP</controlfield>
  <controlfield tag="005">20221115082058.0</controlfield>
  <controlfield tag="007">ta</controlfield>
  <controlfield tag="008">221114e2022    dr ao||gr|||| 001 edspa d</controlfield>
  <datafield tag="020" ind1=" " ind2=" ">
    <subfield code="a">9789945635492</subfield>
  </datafield>
  <datafield tag="040" ind1=" " ind2=" ">
    <subfield code="a">DO-SdBNP</subfield>
    <subfield code="b">spa</subfield>
    <subfield code="c">BNPHU</subfield>
  </datafield>
  <datafield tag="082" ind1=" " ind2="4">
    <subfield code="2">22</subfield>
    <subfield code="b">P438a</subfield>
    <subfield code="a">152.41</subfield>
  </datafield>
  <datafield tag="100" ind1="1" ind2=" ">
    <subfield code="9">55994</subfield>
    <subfield code="a">P&#xE9;rez de Disla, Digna Em&#xE9;rita</subfield>
  </datafield>
  <datafield tag="245" ind1="1" ind2="0">
    <subfield code="a">Amor sin l&#xED;mites:</subfield>
    <subfield code="b">amar es dar sin esperar recibir. /</subfield>
    <subfield code="c">Digna Em&#xE9;rita P&#xE9;rez Disla, Pr&#xF3;logo, Pedro Ram&#xF3;n G&#xF3;mez Vel&#xE1;squez, Blanca Margarita Mart&#xED;nez de G&#xF3;mez.</subfield>
  </datafield>
  <datafield tag="250" ind1=" " ind2=" ">
    <subfield code="a">2da ed.</subfield>
  </datafield>
  <datafield tag="260" ind1=" " ind2=" ">
    <subfield code="a">Santo Domingo :</subfield>
    <subfield code="b">Santuario,</subfield>
    <subfield code="c">2022</subfield>
  </datafield>
  <datafield tag="300" ind1=" " ind2=" ">
    <subfield code="a">169 p. :</subfield>
    <subfield code="b">il., retr.</subfield>
    <subfield code="c">21 cm</subfield>
  </datafield>
  <datafield tag="500" ind1=" " ind2=" ">
    <subfield code="a">Incluye datos biogr&#xE1;ficos de la  autora en las cubiertas de las solapas.</subfield>
  </datafield>
  <datafield tag="590" ind1=" " ind2=" ">
    <subfield code="a">Inventariado 2022 / MF</subfield>
  </datafield>
  <datafield tag="650" ind1=" " ind2="4">
    <subfield code="9">55995</subfield>
    <subfield code="a">Amor</subfield>
    <subfield code="x">Aspectos Religiosos</subfield>
    <subfield code="z">Rep&#xFA;blica Dominicana</subfield>
  </datafield>
  <datafield tag="650" ind1=" " ind2="4">
    <subfield code="9">5156</subfield>
    <subfield code="a">Amor de Dios</subfield>
    <subfield code="x">Ense&#xF1;anza B&#xED;blica</subfield>
    <subfield code="z">Rep&#xFA;blica Dominicana</subfield>
  </datafield>
  <datafield tag="650" ind1=" " ind2="4">
    <subfield code="9">45265</subfield>
    <subfield code="a">Amor</subfield>
    <subfield code="x">Aspectos Psicol&#xF3;gico</subfield>
    <subfield code="z">Rep&#xFA;blica Dominicana</subfield>
  </datafield>
  <datafield tag="700" ind1="1" ind2=" ">
    <subfield code="a">G&#xF3;mez Vel&#xE1;squez, Pedro Ram&#xF3;n,</subfield>
    <subfield code="e">pr&#xF3;l.</subfield>
    <subfield code="9">82823</subfield>
  </datafield>
  <datafield tag="700" ind1="1" ind2=" ">
    <subfield code="9">55997</subfield>
    <subfield code="a">Mart&#xED;nez de G&#xF3;mez, Blanca Margarita</subfield>
    <subfield code="e">pr&#xF3;l.</subfield>
  </datafield>
  <datafield tag="910" ind1=" " ind2=" ">
    <subfield code="a">MFeliz</subfield>
  </datafield>
  <datafield tag="942" ind1=" " ind2=" ">
    <subfield code="2">ddc</subfield>
    <subfield code="c">LBS1</subfield>
  </datafield>
  <datafield tag="952" ind1=" " ind2=" ">
    <subfield code="0">0</subfield>
    <subfield code="1">0</subfield>
    <subfield code="2">ddc</subfield>
    <subfield code="5">1</subfield>
    <subfield code="7">0</subfield>
    <subfield code="8">PD</subfield>
    <subfield code="a">BNPHU</subfield>
    <subfield code="b">BNPHU</subfield>
    <subfield code="c">CT</subfield>
    <subfield code="d">2022-10-24</subfield>
    <subfield code="e">Dep&#xF3;sito legal</subfield>
    <subfield code="l">0</subfield>
    <subfield code="o">P438a</subfield>
    <subfield code="p">2022-5334</subfield>
    <subfield code="r">2022-11-14</subfield>
    <subfield code="w">2022-11-14</subfield>
    <subfield code="y">LBS1</subfield>
  </datafield>
  <datafield tag="952" ind1=" " ind2=" ">
    <subfield code="0">0</subfield>
    <subfield code="1">0</subfield>
    <subfield code="2">ddc</subfield>
    <subfield code="5">1</subfield>
    <subfield code="7">0</subfield>
    <subfield code="8">PD</subfield>
    <subfield code="a">BNPHU</subfield>
    <subfield code="b">BNPHU</subfield>
    <subfield code="c">CT</subfield>
    <subfield code="d">2022-10-24</subfield>
    <subfield code="e">Dep&#xF3;sito legal</subfield>
    <subfield code="l">0</subfield>
    <subfield code="o">P438a</subfield>
    <subfield code="p">2022-5335</subfield>
    <subfield code="r">2022-11-14</subfield>
    <subfield code="t">e.2</subfield>
    <subfield code="w">2022-11-14</subfield>
    <subfield code="y">LBS1</subfield>
  </datafield>
  <datafield tag="952" ind1=" " ind2=" ">
    <subfield code="0">0</subfield>
    <subfield code="1">0</subfield>
    <subfield code="2">ddc</subfield>
    <subfield code="5">6</subfield>
    <subfield code="7">0</subfield>
    <subfield code="8">DS</subfield>
    <subfield code="a">BNPHU</subfield>
    <subfield code="b">BNPHU</subfield>
    <subfield code="c">CT</subfield>
    <subfield code="d">2022-10-24</subfield>
    <subfield code="e">Dep&#xF3;sito legal</subfield>
    <subfield code="o">P438a</subfield>
    <subfield code="p">2022-5336</subfield>
    <subfield code="r">2022-11-14</subfield>
    <subfield code="t">e3</subfield>
    <subfield code="w">2022-11-14</subfield>
    <subfield code="y">LBS1</subfield>
    <subfield code="z">Ejemplar autografiado por el autor. </subfield>
  </datafield>
  <datafield tag="999" ind1=" " ind2=" ">
    <subfield code="c">52924</subfield>
    <subfield code="d">52924</subfield>
  </datafield>
</record>
